Comportement du consommateur

Uložené v:
Podrobná bibliografia
Hlavný autor: Solomon, Michael R.
Médium: Kniha
Jazyk:French
Vydavateľské údaje: Paris Pearson Education 2005
Vydanie:6e éd.
Predmet:
Tagy: Pridať tag
Žiadne tagy, Buďte prvý, kto otaguje tento záznam!

MARC

LEADER 00000nam a2200000 4500
001 0125068
005 20230227114801.5
020 |a 978-2-7440-7135-5 
041 0 |a fre 
044 |a FR 
245 1 0 |a Comportement du consommateur  |c Michael R. Solomon 
250 |a 6e éd. 
264 1 |a Paris  |b Pearson Education  |c 2005 
300 |a 586 s. 
610 2 0 |a spotrebitelia 
610 2 0 |a správanie spotrebiteľa 
610 2 0 |a politika spotrebiteľská 
610 2 0 |a spokojnosť zákazníkov 
100 1 |a Solomon, Michael R.